Bharat ke musalmano main jativayvastha aur samajik istarikaran (Record no. 438943)

000 -LEADER
fixed length control field 00334cam a22000977a 4500
008 - FIXED-LENGTH DATA ELEMENTS--GENERAL INFORMATION
fixed length control field 180718b2003 xxu||||| |||| 00| 0 eng d
020 ## - INTERNATIONAL STANDARD BOOK NUMBER
International Standard Book Number 81 7917 029 2
100 ## - MAIN ENTRY--PERSONAL NAME
Personal name Ahmed (S.), imtiyaj Ahmed
245 ## - TITLE STATEMENT
Title Bharat ke musalmano main jativayvastha aur samajik istarikaran
Statement of responsibility, etc. editedby by imtiyaj Ahmed (S.)
260 ## - PUBLICATION, DISTRIBUTION, ETC.
Place of publication, distribution, etc. Delhi
Name of publisher, distributor, etc. Geanth Silpy
Date of publication, distribution, etc. 2003
Holdings
Withdrawn status Lost status Damaged status Not for loan Permanent Location Current Location Date acquired Barcode Date last seen Price effective from Koha item type
        Indian Institute of Public Administration Indian Institute of Public Administration 2010-04-20 83481 2018-07-21 2018-07-21 Book

Powered by Koha